Hombre cultura y sociedad

Shranjeno v:
Bibliografske podrobnosti
Glavni avtor: Shapiro, Harry L (Author)
Format: Knjiga
Jezik:španščina
Izdano: Ciudad de México Fondo de Cultura Económica 1975
Teme:
Oznake: Označite
Brez oznak, prvi označite!

MARC

LEADER 00000nam a2200000 a 4500
001 UCP7511
003 CL-VaPUC
008 991217e19750000MX |||||||||||||||||spa|d
082 0 4 |a 306  |b SHA  |2 21 
100 0 |a Shapiro, Harry L  |e author  |9 436916 
245 1 0 |a Hombre cultura y sociedad 
300 |a 479 p 
942 |c BK 
945 |d 19991217 00:00:00  |a rherrera 
260 |a Ciudad de México  |b Fondo de Cultura Económica  |c 1975 
650 0 |a Antropología cultural y social   |9 265143 
650 7 |a PALEOLITICO  |2 CL-VaPUC  |9 431728 
650 7 |a NEOLITICO  |2 CL-VaPUC  |9 436918 
650 0 |a Lenguaje   |9 265069 
650 0 |a Organización social  |9 357570 
650 0 |a Religión   |9 255164 
583 |a last modification  |c 19991217 00:00:00  |k Rodrigo Vera 
999 |c 284636  |d 284634 
952 |0 0  |1 0  |4 0  |6 306_000000000000000_SHA_1975  |7 0  |8 A  |9 328791  |a BIBHIS  |b BIBHIS  |d 2019-11-20  |i 1378422  |l 1  |o 306 SHA 1975  |p 1378422  |r 2025-01-20  |s 2022-07-18  |w 2019-11-20  |y BK  |k HIS